| 000 | 00824nam a22002177a 4500 | ||
|---|---|---|---|
| 999 |
_c8165 _d8165 |
||
| 003 | AR-CdUCM | ||
| 008 | 190322b ||||| |||| 00| 0 spa d | ||
| 040 |
_aMUNICIPALIDAD PROVINCIAL DEL CUSCO _cBIBLIOTECA MUNICIPAL DEL CUSCO |
||
| 041 | _heng | ||
| 082 |
_a338.9 / _bR71 |
||
| 245 | _aDesarrollo Económico / | ||
| 260 |
_aMéxico : _bRoble ; _c1967. |
||
| 300 |
_a331 páginas ; _c20cm |
||
| 505 | _aContenido: Desarrollo internacional -- Agricultura y alimentación -- Salud pública y nutrición -- Realidades sobre el problema demográfico -- Alfabetización de los adultos y prioridades en la enseñanza... | ||
| 650 |
_aDesarrollo _92021 |
||
| 650 |
_aEconomía _9382 |
||
| 700 |
_aRobock, Stefan H. (compilador) _923040 |
||
| 700 |
_aSolomon, Leo M. (compilador) _923041 |
||
| 942 |
_2ddc _cLIBROS |
||
| 945 | _anom | ||